Stress management a možnosti využití jeho technik v podnikové praxi

Stress management zahrňuje techniky, ktoré majú človeka vybaviť efektívnym obranným mechanizmom proti psychologickému stresu. Je možné ich aplikovať na všetkých úrovniach manažmentu aj v podobe školenia zamestnancov firmy. Medzi metódy umožňujúce analyzovať stresové udalosti a riadiť čas patrí Stres...

Descripción completa

Guardado en:
Detalles Bibliográficos
Autor principal: Gurská, Sylvie
Otros Autores: Čermáková, Lenka
Formato: Capítulo de libro
Lenguaje:checo
Materias:
Etiquetas: Agregar Etiqueta
Sin Etiquetas, Sea el primero en etiquetar este registro!

MARC

LEADER 00000nla$a2200000$$$4500
001 0075738
005 20220801085418.8
041 0 |a cze 
044 |a CZ 
245 1 0 |a Stress management a možnosti využití jeho technik v podnikové praxi  |c Sylvie Gurská, Lenka Čermáková 
520 |a Stress management zahrňuje techniky, ktoré majú človeka vybaviť efektívnym obranným mechanizmom proti psychologickému stresu. Je možné ich aplikovať na všetkých úrovniach manažmentu aj v podobe školenia zamestnancov firmy. Medzi metódy umožňujúce analyzovať stresové udalosti a riadiť čas patrí Stress Diary (vedenie denníka) a analýza zamestnania. Ďalšie techniky slúžia tiež k zvládnutiu stresových situácií, k zdokonaleniu prezentácií a verejných vystúpení zamestnancov firmy. Môžu sa stať súčasťou podnikovej kultúry a môžu sa podieľať na vytváraní imidžu firmy. 
610 2 0 |a manažment 
610 2 0 |a stresy 
610 2 0 |a metódy 
610 2 0 |a psychológia podniková 
610 2 0 |a manažéri 
610 2 0 |a zamestnanci 
610 2 0 |a psychológia práce 
100 1 |a Gurská, Sylvie 
700 1 |a Čermáková, Lenka